| 000 | 01429nam0a2200325 4500 | ||
|---|---|---|---|
| 001 | RU\NLR\bibl\1821754 | ||
| 005 | 20260405230308.0 | ||
| 010 |
_a978-5-8125-1460-0 _9500 |
||
| 021 |
_aRU _b2011-72886 _95178 |
||
| 035 | _a(NLR Aleph) 001812310 | ||
| 090 |
_a1889153 _c1889153 |
||
| 100 | _a20111017d2010 |||y0rusy50 ca | ||
| 101 | 0 | _arus | |
| 102 | _aRU | ||
| 105 | _ay ||||||||| | ||
| 200 | 1 |
_aВалютная политика России в условиях глобализации: итоги, проблемы и противоречия _fД.В. Абрамов, А.Н. Спартак |
|
| 210 |
_aМосква _c[б. и.] _d2010 |
||
| 215 |
_a150 с. _d22 |
||
| 300 | _aНа 4-й с. обл. авт.: Абрамов Д.В., к.э.н., Спартак А.Н., д.э.н., проф. | ||
| 320 | _aБиблиогр.: с. 142-150 (194 назв.) и в подстроч. примеч. | ||
| 606 | 1 |
_aВалютная политика _yРоссийская Федерация _92167612 _3RU\NLR\auth\661304114 |
|
| 686 | _aУ26(2)26 | ||
| 700 | 1 |
_4070 _8rus _7ca _aАбрамов _bД. В. _cканд. экон. наук _f1975- _gДенис Васильевич _3RU\NLR\auth\77104302 _987227 |
|
| 701 | 1 |
_aСпартак _bА. Н. _gАндрей Николаевич _4070 |
|
| 801 | 0 |
_aRU _bNLR _c20111017 _gRCR |
|
| 801 | 1 |
_aRU _bNLR _c20111017 |
|
| 830 | _aавт. по кн. | ||
| 942 | _cBOOK | ||
| 980 | _aNB | ||